000 00669nam a22002057a 4500
003 OSt
005 20260224002308.0
008 260224b |||||||| |||| 00| 0 eng d
020 _a978-1-59339-395-3 volume
040 _aDWCL-Main Lib
_cOC
082 _aGR. 597.9 R426 2008
110 _aENCYCLOPAEDIA BRITANICA
_eCorporate Author
245 _aBritanica illustrated science library : reptiles and dinosaurs /
260 _aChicago :
_bEncyclopaedia Britanica,
_cc2008
300 _a101 p. :
_b ill. ( col. ) ;
_c 27 cm.
504 _a1. Includes glossary and index.
650 _aReptilia (Reptiles).
650 _aReptilia - Dinosaurs.
942 _2ddc
_cGR
_mGR.
_n0
999 _c8508
_d8508